000 00568nam a2200205Ia 4500
005 20250326142631.0
008 250326s9999 xx 000 0 und d
020 _a0-06-500615-1
037 _aTextbook
040 _aFMSL
_beng
_cFMSL
041 _aeng
_2eng
084 _aX65 N3
_qFMSL
100 _aGitman L A
_9746344
245 0 _aFundamentlas of investing annual report 1991
_cGitman L A; Joehnk M D
250 _a5
260 _aUSA
_bUSA, Harper collino College
_c1993
300 _a1000p
942 _cTB
_hX65 N3
999 _c1295931
_d1295931